000 00593nam a22002297a 4500
003 UA-OsUOA
001 62238
007 ta
008 20090814b un ||||| |||| 00| 0 ukr d
090 _a82-94
942 _cBK
040 _aUA-OsUOA
_brus
_cUA-OsUOA
_dUA-OsUOA
245 _aИсторические силуэты
_cС. В. Тютюкин
300 _a250 с.
955 _a1
041 _arus
080 _a82-94
020 _a5-02-009554-0
260 _aМ.
_bНаука
_c1991
650 7 _a82 Література. Літературознавство
_2UDC
999 _c348328
_d348328